<?xml version="1.0" encoding="UTF-8"?>
<marc:record xmlns:marc="http://www.loc.gov/MARC21/slim">
   <marc:leader>00000nam a2200000 a 4500</marc:leader>
   <marc:datafield ind1=" " ind2=" " tag="653">
      <marc:subfield code="a">Brauchtum</marc:subfield>
   </marc:datafield>
   <marc:datafield ind1=" " ind2=" " tag="653">
      <marc:subfield code="a">Bundesländer</marc:subfield>
   </marc:datafield>
   <marc:datafield ind1=" " ind2=" " tag="653">
      <marc:subfield code="a">Kinder 10 - 12 Jahre</marc:subfield>
   </marc:datafield>
   <marc:datafield ind1=" " ind2=" " tag="653">
      <marc:subfield code="a">Kochbuch</marc:subfield>
   </marc:datafield>
   <marc:datafield ind1=" " ind2=" " tag="653">
      <marc:subfield code="a">Kultur</marc:subfield>
   </marc:datafield>
   <marc:datafield ind1=" " ind2=" " tag="653">
      <marc:subfield code="a">LEADER</marc:subfield>
   </marc:datafield>
   <marc:datafield ind1=" " ind2=" " tag="653">
      <marc:subfield code="a">Landeskunde</marc:subfield>
   </marc:datafield>
   <marc:datafield ind1=" " ind2=" " tag="653">
      <marc:subfield code="a">Mini-Bib</marc:subfield>
   </marc:datafield>
   <marc:datafield ind1=" " ind2=" " tag="653">
      <marc:subfield code="a">Politik</marc:subfield>
   </marc:datafield>
   <marc:datafield ind1=" " ind2=" " tag="653">
      <marc:subfield code="a">Recht</marc:subfield>
   </marc:datafield>
   <marc:datafield ind1=" " ind2=" " tag="653">
      <marc:subfield code="a">Spiele</marc:subfield>
   </marc:datafield>
   <marc:datafield ind1=" " ind2=" " tag="653">
      <marc:subfield code="a">Weltkrieg I</marc:subfield>
   </marc:datafield>
   <marc:datafield ind1=" " ind2=" " tag="653">
      <marc:subfield code="a">Weltkrieg II</marc:subfield>
   </marc:datafield>
   <marc:datafield ind1=" " ind2=" " tag="653">
      <marc:subfield code="a">Österreich</marc:subfield>
   </marc:datafield>
   <marc:datafield ind1="0" ind2="0" tag="245">
      <marc:subfield code="a">Box Mini-Bib Österreich (geöffnet)</marc:subfield>
   </marc:datafield>
   <marc:datafield ind1="0" ind2="0" tag="245">
      <marc:subfield code="b">Kinder 6-10 Jahre</marc:subfield>
   </marc:datafield>
   <marc:datafield ind1="1" ind2=" " tag="520">
      <marc:subfield code="a">Diese Box enthält folgende Medien&#xD;
Hämmerle, Susa	 Mein Österreich-Buch&#xD;
Fürnhammer, Arthur Das große österreichische Alpenbuch für Kinder&#xD;
Hula, Saskia	 Das große Österreich-Wimmelbuch&#xD;
Varga, Angelika	Tassilo, Rosa &amp; die Pummerin &#xD;
Fürnhammer, Arthur	Das große Donaubuch für Kinder&#xD;
Hämmerle, Susa	Der neue Österreich-Atlas für Kinder&#xD;
Pongracz, Christina	Wien für dich!&#xD;
Brunner Gohm, Margit	Anna und Paul entdecken Vorarlberg &#xD;
Danzl, Barbara	Innsbruck-Stadtführer für Kinder&#xD;
Salamonsberger, Margit	Salzburg, Stadtführer für Kinder&#xD;
Niederösterreich-Kunterbunt : Niederösterreich allgemein&#xD;
Niederösterreich-Kunterbunt : Weinviertel&#xD;
Niederösterreich-Kunterbunt : Waldviertel&#xD;
Niederösterreich-Kunterbunt : Mostviertel&#xD;
Niederösterreich-Kunterbunt : Industrieviertel&#xD;
Gernhäuser, Susanne	Wir entdecken Österreich&#xD;
Rath-Hodann, Nora	Maria Theresia erzählt für Kinder&#xD;
Rath-Hodann, Nora	Sisi erzählt für Kinder&#xD;
Schuppler, Rodolf	Elisabeth - Kaiserin von Österreich und Königin von Ungarn&#xD;
Friedl  Inge	Schönbrunn für Kinder&#xD;
Petzold, Leander	Märchen aus Österreich&#xD;
Hofbauer, Friedl	Sagen aus Österreich&#xD;
	&#xD;
Hoanzl	Entlang der Donau DVD&#xD;
	Der Reiseführer: Österreich entdecken und erleben, 3 DVDs&#xD;
	&#xD;
Monopoly Österreich Ausgabe  (Spiel)&#xD;
Was ist Was Österreich Quiz: Stadt, Land, Fluß Österreich (Spiel)&#xD;
&#xD;
	&#xD;
	&#xD;
Wir entdecken Österreich Audio CD&#xD;
Hofbauer, Friedl	50 Sagen aus Österreich : König Löwenherz und 15 weitere Sagen&#xD;
	                50 Sagen aus Österreich : Wie der Teufel Frösche fing und 16 weitere Sagen&#xD;
	                50 Sagen aus Österreich : Der liebe Augustin und 16 weitere Sagen</marc:subfield>
   </marc:datafield>
</marc:record>
